[Event "English Schools Championship Final 2024"]
[Site "Nottingham University Kings Meadow Campus, United Kingdom"]
[Date "2024.06.28"]
[Round "4.60"]
[White "Fielding, James"]
[Black "Atputananthan, Lagu"]
[Result "1-0"]
[TimeControl "G50' + 10\" per move."]
[WhiteElo "1521"]
[BlackElo "1342"]

1. d4 {[%clk 00:50:15]} {[%emt 00:00:05]} Nf6 {[%emt 00:00:37]} 2. Nf3 {[%clk
00:50:06]} {[%emt 00:00:18]} d5 {[%clk 00:49:45]} {[%emt 00:00:08]} 3. e3
{[%clk 00:50:06]} {[%emt 00:00:10]} Bg4 {[%clk 00:48:47]} {[%emt 00:01:08]} 4.
Bd3 {[%clk 00:49:43]} {[%emt 00:00:32]} Nc6 {[%clk 00:48:26]} {[%emt 00:00:32]}
5. Nbd2 {[%clk 00:49:21]} {[%emt 00:00:32]} e5 {[%clk 00:46:54]} {[%emt
00:01:42]} 6. Be2 {[%clk 00:45:31]} {[%emt 00:03:59]} exd4 {[%clk 00:46:40]}
{[%emt 00:00:25]} 7. exd4 {[%clk 00:44:29]} {[%emt 00:01:12]} Bxf3 {[%clk
00:45:51]} {[%emt 00:00:59]} 8. Nxf3 {[%clk 00:44:30]} {[%emt 00:00:09]} Bd6
{[%clk 00:45:12]} {[%emt 00:00:48]} 9. O-O {[%clk 00:43:44]} {[%emt 00:00:57]}
O-O {[%clk 00:45:16]} {[%emt 00:00:07]} 10. Re1 {[%clk 00:41:47]} {[%emt
00:02:05]} Ne4 {[%clk 00:42:59]} {[%emt 00:02:28]} 11. Bd3 {[%clk 00:41:30]}
{[%emt 00:00:26]} f5 {[%clk 00:41:27]} {[%emt 00:01:43]} 12. c3 {[%clk
00:41:07]} {[%emt 00:00:33]} Ne7 {[%clk 00:37:20]} {[%emt 00:04:17]} 13. Qb3
{[%clk 00:39:12]} {[%emt 00:02:05]} b6 {[%clk 00:37:06]} {[%emt 00:00:24]} 14.
Bg5 {[%clk 00:38:03]} {[%emt 00:01:19]} c6 {[%clk 00:35:22]} {[%emt 00:01:53]}
15. Bxe4 {[%clk 00:37:20]} {[%emt 00:00:54]} fxe4 {[%clk 00:34:46]} {[%emt
00:00:46]} 16. Rxe4 {[%clk 00:37:20]} {[%emt 00:00:10]} Kh8 {[%clk 00:34:17]}
{[%emt 00:00:39]} 17. Bxe7 {[%clk 00:35:56]} {[%emt 00:01:34]} Bxe7 {[%clk
00:34:17]} {[%emt 00:00:10]} 18. Re6 {[%clk 00:36:00]} {[%emt 00:00:05]} Qd7
{[%clk 00:32:40]} {[%emt 00:01:47]} 19. Rae1 {[%clk 00:35:50]} {[%emt
00:00:20]} Rae8 {[%clk 00:29:24]} {[%emt 00:03:25]} 20. Qa4 {[%clk 00:30:39]}
{[%emt 00:05:21]} Rf6 {[%clk 00:28:01]} {[%emt 00:01:33]} 21. Rxf6 {[%clk
00:29:32]} {[%emt 00:01:18]} Bxf6 {[%clk 00:28:04]} {[%emt 00:00:07]} 22. Rxe8+
{[%clk 00:29:36]} {[%emt 00:00:06]} Qxe8 {[%clk 00:28:08]} {[%emt 00:00:06]} 23.
Qxa7 {[%clk 00:29:40]} {[%emt 00:00:05]} g5 {[%clk 00:26:22]} {[%emt 00:01:57]}
24. Qc7 {[%clk 00:28:36]} {[%emt 00:01:13]} g4 {[%clk 00:24:54]} {[%emt
00:01:39]} 25. Ne5 {[%clk 00:28:37]} {[%emt 00:00:09]} Bxe5 {[%clk 00:24:57]}
{[%emt 00:00:06]} 26. Qxe5+ {[%clk 00:28:02]} {[%emt 00:00:45]} Qxe5 {[%clk
00:25:05]} {[%emt 00:00:03]} 27. dxe5 {[%clk 00:28:01]} {[%emt 00:00:12]} Kg7
{[%clk 00:25:02]} {[%emt 00:00:12]} 28. f4 {[%clk 00:27:27]} {[%emt 00:00:43]}
gxf3 {[%clk 00:24:36]} {[%emt 00:00:37]} 29. gxf3 {[%clk 00:27:33]} {[%emt
00:00:05]} Kg6 {[%clk 00:24:32]} {[%emt 00:00:14]} 30. f4 {[%clk 00:26:32]}
{[%emt 00:01:10]} Kf5 {[%clk 00:24:25]} {[%emt 00:00:17]} 31. Kf2 {[%clk
00:26:22]} {[%emt 00:00:20]} h5 {[%clk 00:23:47]} {[%emt 00:00:49]} 32. h4
{[%clk 00:25:15]} {[%emt 00:01:16]} Ke6 {[%clk 00:22:23]} {[%emt 00:01:33]} 33.
Ke3 {[%clk 00:25:06]} {[%emt 00:00:19]} c5 {[%clk 00:21:46]} {[%emt 00:00:47]}
34. b4 {[%clk 00:24:40]} {[%emt 00:00:36]} cxb4 {[%clk 00:21:44]} {[%emt
00:00:13]} 35. cxb4 {[%clk 00:24:45]} {[%emt 00:00:05]} Kf5 {[%clk 00:20:41]}
{[%emt 00:01:13]} 36. Kd4 {[%clk 00:24:48]} {[%emt 00:00:07]} Ke6 {[%clk
00:20:37]} {[%emt 00:00:13]} 37. f5+ {[%clk 00:24:50]} {[%emt 00:00:08]} Kxf5
{[%clk 00:19:59]} {[%emt 00:00:47]} 38. Kxd5 {[%clk 00:24:55]} {[%emt
00:00:06]} Kg4 {[%clk 00:19:36]} {[%emt 00:00:34]} 39. e6 {[%clk 00:24:55]}
{[%emt 00:00:10]} Kxh4 {[%clk 00:19:32]} {[%emt 00:00:14]} 40. e7 {[%clk
00:25:01]} {[%emt 00:00:04]} Kg3 {[%clk 00:18:19]} {[%emt 00:01:23]} 41. e8=Q
{[%clk 00:24:49]} {[%emt 00:00:11]} h4 {[%clk 00:18:28]} {[%emt 00:00:11]} 42.
Qe3+ {[%clk 00:23:54]} {[%emt 00:01:06]} Kg2 {[%clk 00:18:24]} {[%emt
00:00:15]} 43. Qe4+ {[%clk 00:23:05]} {[%emt 00:00:58]} Kg3 {[%clk 00:18:29]}
{[%emt 00:00:05]} 44. Qxh4+ {[%clk 00:22:53]} {[%emt 00:00:21]} Kxh4 {[%clk
00:18:37]} {[%emt 00:00:03]} 45. Kc6 {[%clk 00:22:55]} {[%emt 00:00:08]} Kg4
{[%clk 00:18:45]} {[%emt 00:00:02]} 46. Kxb6 {[%clk 00:22:57]} {[%emt
00:00:08]} Kf4 {[%clk 00:18:54]} {[%emt 00:00:02]} 47. Kc6 {[%clk 00:22:41]}
{[%emt 00:00:25]} Ke4 {[%clk 00:19:02]} {[%emt 00:00:02]} 48. b5 {[%clk
00:22:34]} {[%emt 00:00:17]} Kd3 {[%clk 00:18:56]} {[%emt 00:00:15]} 49. b6
{[%clk 00:22:41]} {[%emt 00:00:03]} Kc2 {[%clk 00:19:05]} {[%emt 00:00:02]} 50.
b7 {[%clk 00:22:47]} {[%emt 00:00:04]} Kb2 {[%clk 00:19:13]} {[%emt 00:00:02]}
51. b8=Q+ {[%clk 00:22:50]} {[%emt 00:00:04]} Kxa2 {[%clk 00:19:21]} {[%emt
00:00:04]} 52. Qb4 {[%clk 00:22:54]} {[%emt 00:00:06]} Ka1 {[%clk 00:19:30]}
{[%emt 00:00:01]} 53. Kc5 {[%clk 00:23:02]} {[%emt 00:00:02]} Ka2 {[%clk
00:19:38]} {[%emt 00:00:02]} 54. Kc4 {[%clk 00:23:11]} {[%emt 00:00:02]} Ka1
{[%clk 00:19:47]} {[%emt 00:00:01]} 55. Kc3 {[%clk 00:23:18]} {[%emt 00:00:03]}
Ka2 {[%clk 00:19:54]} {[%emt 00:00:02]} 56. Qb2# {[%clk 00:23:27]} {[%emt
00:00:02]} 1-0

[Event "English Schools Championship Final 2024"]
[Site "Nottingham University Kings Meadow Campus, United Kingdom"]
[Date "2024.06.28"]
[Round "4.61"]
[White "Morris Dawson, Miles"]
[Black "Kovalskyi, Roman"]
[Result "0-1"]
[TimeControl "G50' + 10\" per move."]
[WhiteFideId "468878"]
[BlackFideId "14184214"]
[WhiteElo "1660"]
[BlackElo "2081"]

1. d4 {[%clk 00:50:18]} {[%emt 00:00:01]} d5 {[%clk 00:49:26]} {[%emt
00:00:54]} 2. c4 {[%clk 00:50:21]} {[%emt 00:00:07]} e6 {[%clk 00:49:30]}
{[%emt 00:00:06]} 3. Nc3 {[%clk 00:50:24]} {[%emt 00:00:08]} c5 {[%clk
00:49:35]} {[%emt 00:00:04]} 4. Nf3 {[%clk 00:49:16]} {[%emt 00:01:18]} cxd4
{[%clk 00:49:34]} {[%emt 00:00:12]} 5. Nxd4 {[%clk 00:49:17]} {[%emt 00:00:08]}
e5 {[%clk 00:49:39]} {[%emt 00:00:05]} 6. Nf3 {[%clk 00:48:52]} {[%emt
00:00:35]} d4 {[%clk 00:49:16]} {[%emt 00:00:33]} 7. Ne4 {[%clk 00:48:44]}
{[%emt 00:00:17]} Nc6 {[%clk 00:48:37]} {[%emt 00:00:49]} 8. e3 {[%clk
00:46:11]} {[%emt 00:02:44]} Bf5 {[%clk 00:46:21]} {[%emt 00:02:26]} 9. Ng3
{[%clk 00:43:40]} {[%emt 00:02:41]} Bg6 {[%clk 00:46:24]} {[%emt 00:00:07]} 10.
e4 {[%clk 00:41:32]} {[%emt 00:02:18]} Nf6 {[%clk 00:39:37]} {[%emt 00:06:57]}
11. Bd3 {[%clk 00:38:24]} {[%emt 00:03:18]} Nd7 {[%clk 00:39:42]} {[%emt
00:00:05]} 12. a3 {[%clk 00:35:12]} {[%emt 00:03:22]} a5 {[%clk 00:39:39]}
{[%emt 00:00:13]} 13. O-O {[%clk 00:33:43]} {[%emt 00:01:38]} a4 {[%clk
00:38:52]} {[%emt 00:00:57]} 14. Re1 {[%clk 00:32:01]} {[%emt 00:01:51]} Nc5
{[%clk 00:38:21]} {[%emt 00:00:43]} 15. Qc2 {[%clk 00:27:33]} {[%emt 00:04:38]}
Bd6 {[%clk 00:35:15]} {[%emt 00:03:16]} 16. Nd2 {[%clk 00:25:41]} {[%emt
00:02:02]} O-O {[%clk 00:33:39]} {[%emt 00:01:46]} 17. b4 {[%clk 00:25:30]}
{[%emt 00:00:22]} axb3 {[%clk 00:33:42]} {[%emt 00:00:07]} 18. Nxb3 {[%clk
00:25:29]} {[%emt 00:00:10]} Nxb3 {[%clk 00:30:42]} {[%emt 00:03:10]} 19. Qxb3
{[%clk 00:25:29]} {[%emt 00:00:10]} Qa5 {[%clk 00:30:51]} {[%emt 00:00:01]} 20.
Rd1 {[%clk 00:24:49]} {[%emt 00:00:50]} Rfb8 {[%clk 00:30:38]} {[%emt
00:00:23]} 21. Bd2 {[%clk 00:23:39]} {[%emt 00:01:20]} Qc5 {[%clk 00:29:37]}
{[%emt 00:01:12]} 22. a4 {[%clk 00:20:40]} {[%emt 00:03:09]} f6 {[%clk
00:26:20]} {[%emt 00:03:27]} 23. Rdb1 {[%clk 00:19:08]} {[%emt 00:01:41]} Be8
{[%clk 00:24:19]} {[%emt 00:02:11]} 24. Nf5 {[%clk 00:16:24]} {[%emt 00:02:53]}
Bf8 {[%clk 00:23:38]} {[%emt 00:00:51]} 25. h3 {[%clk 00:14:56]} {[%emt
00:01:37]} Ra7 {[%clk 00:20:53]} {[%emt 00:02:56]} 26. Qb5 {[%clk 00:12:45]}
{[%emt 00:02:22]} Rba8 {[%clk 00:16:11]} {[%emt 00:04:51]} 27. Bc2 {[%clk
00:08:31]} {[%emt 00:04:25]} Bd7 {[%clk 00:11:47]} {[%emt 00:04:34]} 28. Ng3
{[%clk 00:07:12]} {[%emt 00:01:29]} Nb8 {[%clk 00:10:36]} {[%emt 00:01:21]} 29.
Bb4 {[%clk 00:04:06]} {[%emt 00:03:15]} Qxb4 {[%clk 00:06:31]} {[%emt
00:04:16]} 30. Qxb4 {[%clk 00:04:14]} {[%emt 00:00:02]} Bxb4 {[%clk 00:06:34]}
{[%emt 00:00:06]} 31. Rxb4 {[%clk 00:04:23]} {[%emt 00:00:02]} Na6 {[%clk
00:06:38]} {[%emt 00:00:06]} 32. Rb6 {[%clk 00:02:33]} {[%emt 00:02:00]} Nc5
{[%clk 00:06:46]} {[%emt 00:00:02]} 33. Rd6 {[%clk 00:01:28]} {[%emt 00:01:15]}
Kf7 {[%clk 00:04:11]} {[%emt 00:02:43]} 34. Rd5 {[%clk 00:01:10]} {[%emt
00:00:29]} Ra5 {[%clk 00:03:24]} {[%emt 00:00:57]} 35. Rb1 {[%clk 00:00:58]}
{[%emt 00:00:24]} g6 {[%clk 00:01:50]} {[%emt 00:01:43]} 36. f3 {[%clk
00:00:55]} {[%emt 00:00:12]} Bc6 {[%clk 00:01:47]} {[%emt 00:00:13]} 37. Ne2
{[%clk 00:00:28]} {[%emt 00:00:38]} Bxd5 {[%clk 00:01:52]} {[%emt 00:00:05]} 38.
cxd5 {[%clk 00:00:36]} {[%emt 00:00:02]} d3 {[%clk 00:02:01]} 0-1

[Event "English Schools Championship Final 2024"]
[Site "Nottingham University Kings Meadow Campus, United Kingdom"]
[Date "2024.06.28"]
[Round "4.62"]
[White "Bharadwaj, Arjun Kartik"]
[Black "Crompton, Josh"]
[Result "1/2-1/2"]
[TimeControl "G50' + 10\" per move."]
[WhiteFideId "343419305"]
[BlackFideId "343415342"]
[WhiteElo "1625"]
[BlackElo "1662"]

1. e4 {[%clk 00:50:17]} {[%emt 00:00:02]} d5 {[%clk 00:50:19]} {[%emt
00:00:02]} 2. exd5 {[%clk 00:50:19]} {[%emt 00:00:07]} Qxd5 {[%clk 00:50:20]}
{[%emt 00:00:10]} 3. Nc3 {[%clk 00:50:21]} {[%emt 00:00:07]} Qd6 {[%clk
00:50:27]} {[%emt 00:00:04]} 4. Nf3 {[%clk 00:50:08]} {[%emt 00:00:23]} Nf6
{[%clk 00:50:31]} {[%emt 00:00:06]} 5. d4 {[%clk 00:49:40]} {[%emt 00:00:37]}
c6 {[%clk 00:50:38]} {[%emt 00:00:04]} 6. Bg5 {[%clk 00:49:05]} {[%emt
00:00:43]} Bg4 {[%clk 00:50:07]} {[%emt 00:00:43]} 7. Be2 {[%clk 00:48:30]}
{[%emt 00:00:45]} Nbd7 {[%clk 00:49:19]} {[%emt 00:00:57]} 8. Qd2 {[%clk
00:47:54]} {[%emt 00:00:47]} Bxf3 {[%clk 00:47:52]} {[%emt 00:01:37]} 9. Bxf3
{[%clk 00:47:39]} {[%emt 00:00:25]} e5 {[%clk 00:44:40]} {[%emt 00:03:22]} 10.
O-O-O {[%clk 00:46:05]} {[%emt 00:01:44]} O-O-O {[%clk 00:42:55]} {[%emt
00:01:54]} 11. Rhe1 {[%clk 00:42:24]} {[%emt 00:03:51]} exd4 {[%clk 00:41:30]}
{[%emt 00:01:36]} 12. Qxd4 {[%clk 00:41:35]} {[%emt 00:00:59]} Qxd4 {[%clk
00:41:24]} {[%emt 00:00:16]} 13. Rxd4 {[%clk 00:41:34]} {[%emt 00:00:10]} Bc5
{[%clk 00:40:24]} {[%emt 00:01:10]} 14. Rd2 {[%clk 00:39:55]} {[%emt 00:01:47]}
h6 {[%clk 00:38:41]} {[%emt 00:01:57]} 15. Be3 {[%clk 00:39:26]} {[%emt
00:00:38]} Rhe8 {[%clk 00:37:01]} {[%emt 00:01:50]} 16. Rde2 {[%clk 00:35:16]}
{[%emt 00:04:20]} Re6 {[%clk 00:35:33]} {[%emt 00:01:38]} 17. Bxc5 {[%clk
00:33:37]} {[%emt 00:01:49]} Nxc5 {[%clk 00:35:31]} {[%emt 00:00:12]} 18. Ne4
{[%clk 00:32:05]} {[%emt 00:01:42]} Ncxe4 {[%clk 00:35:20]} {[%emt 00:00:20]}
19. Bxe4 {[%clk 00:31:17]} {[%emt 00:00:59]} Nxe4 {[%clk 00:35:22]} {[%emt
00:00:08]} 20. Rxe4 {[%clk 00:31:20]} {[%emt 00:00:07]} Rxe4 {[%clk 00:34:30]}
{[%emt 00:01:02]} 21. Rxe4 {[%clk 00:31:21]} {[%emt 00:00:08]} Kd7 {[%clk
00:34:00]} {[%emt 00:00:40]} 22. Rd4+ {[%clk 00:30:59]} {[%emt 00:00:33]} Kc7
{[%clk 00:33:46]} {[%emt 00:00:24]} 23. Rxd8 {[%clk 00:31:01]} {[%emt
00:00:08]} Kxd8 {[%clk 00:33:54]} {[%emt 00:00:03]} 24. Kd2 {[%clk 00:31:00]}
{[%emt 00:00:10]} Ke7 {[%clk 00:33:59]} {[%emt 00:00:05]} 25. Ke3 {[%clk
00:30:59]} {[%emt 00:00:10]} Kd7 {[%clk 00:33:19]} {[%emt 00:00:51]} 26. h4
{[%clk 00:30:27]} {[%emt 00:00:42]} Ke7 {[%clk 00:32:07]} {[%emt 00:01:22]} 27.
c3 {[%clk 00:29:11]} {[%emt 00:01:26]} Kd7 {[%clk 00:31:08]} {[%emt 00:01:08]}
28. Ke4 {[%clk 00:29:01]} {[%emt 00:00:20]} Ke6 {[%clk 00:30:10]} {[%emt
00:01:09]} 29. g4 {[%clk 00:28:51]} {[%emt 00:00:20]} g5 {[%clk 00:28:05]}
{[%emt 00:02:15]} 30. hxg5 {[%clk 00:28:07]} {[%emt 00:00:54]} hxg5 {[%clk
00:28:06]} {[%emt 00:00:09]} 31. b4 {[%clk 00:27:49]} {[%emt 00:00:27]} b6
{[%clk 00:26:37]} {[%emt 00:01:40]} 32. a4 {[%clk 00:24:52]} {[%emt 00:03:08]}
a5 {[%clk 00:20:37]} {[%emt 00:06:09]} 1/2-1/2

[Event "English Schools Championship Final 2024"]
[Site "Nottingham University Kings Meadow Campus, United Kingdom"]
[Date "2024.06.28"]
[Round "4.63"]
[White "Stephens, Scott"]
[Black "Hazell, Peter"]
[Result "1-0"]
[TimeControl "G50' + 10\" per move."]
[WhiteFideId "343427626"]
[BlackFideId "343400922"]
[WhiteElo "1613"]
[BlackElo "1666"]

1. e4 {[%clk 00:50:17]} {[%emt 00:52:34]} c5 {[%clk 00:50:09]} {[%emt
00:00:12]} 2. Nf3 {[%clk 00:50:10]} {[%emt 00:00:16]} Nc6 {[%clk 00:50:14]}
{[%emt 00:00:06]} 3. d4 {[%clk 00:50:07]} {[%emt 00:00:13]} cxd4 {[%clk
00:50:22]} {[%emt 00:00:02]} 4. Nxd4 {[%clk 00:50:06]} {[%emt 00:00:11]} e5
{[%clk 00:50:27]} {[%emt 00:00:04]} 5. Nf3 {[%clk 00:48:48]} {[%emt 00:01:28]}
Nf6 {[%clk 00:50:28]} {[%emt 00:00:09]} 6. Bd3 {[%clk 00:46:28]} {[%emt
00:02:30]} d5 {[%clk 00:50:16]} {[%emt 00:00:23]} 7. exd5 {[%clk 00:41:52]}
{[%emt 00:04:46]} Nxd5 {[%emt 00:00:42]} 8. O-O {[%clk 00:40:03]} {[%emt
00:01:31]} f5 {[%clk 00:49:51]} {[%emt 00:00:29]} 9. Nxe5 {[%clk 00:31:04]}
{[%emt 00:09:10]} Nxe5 {[%clk 00:48:40]} {[%emt 00:01:20]} 10. Re1 {[%clk
00:31:02]} {[%emt 00:00:14]} Qc7 {[%clk 00:47:22]} {[%emt 00:01:26]} 11. f4
{[%clk 00:30:06]} {[%emt 00:01:06]} Bc5+ {[%clk 00:46:28]} {[%emt 00:01:05]} 12.
Kh1 {[%clk 00:29:14]} {[%emt 00:01:01]} O-O {[%clk 00:46:04]} {[%emt 00:00:36]}
13. Rxe5 {[%clk 00:28:26]} {[%emt 00:00:57]} Rd8 {[%clk 00:45:22]} {[%emt
00:00:52]} 14. Bc4 {[%clk 00:27:38]} {[%emt 00:00:58]} Bd6 {[%clk 00:44:43]}
{[%emt 00:00:47]} 15. Bxd5+ {[%emt 00:03:40]} Kh8 16. Re2 Bxf4 17. Bxf4 Qxf4 18.
c4 h6 19. Nc3 Bd7 20. Qd2 Qc7 21. Re7 Qd6 22. Rae1 Re8 23. Rxe8+ Rxe8 24. Rxe8+
{[%clk 00:24:09]} Bxe8 {[%clk 00:44:39]} 25. Qe3 {[%clk 00:14:24]} {[%emt
00:15:48]} Bg6 {[%clk 00:40:53]} 26. Qxa7 {[%clk 00:13:28]} {[%emt 00:02:24]}
Qf4 {[%clk 00:40:55]} 27. Qg1 {[%clk 00:13:14]} {[%emt 00:00:31]} Qd2 {[%clk
00:41:00]} 28. Qd1 {[%clk 00:13:14]} Qxb2 {[%clk 00:41:00]} 29. Nb5 {[%clk
00:09:46]} {[%emt 00:04:24]} Bh5 {[%clk 00:40:26]} 30. Qe1 {[%clk 00:08:26]}
{[%emt 00:01:53]} Qxa2 {[%clk 00:40:15]} 31. h3 {[%clk 00:08:26]} f4 {[%clk
00:40:15]} 32. Qh4 {[%clk 00:07:45]} {[%emt 00:02:12]} Qa1+ {[%clk 00:39:26]}
33. Kh2 {[%clk 00:07:42]} {[%emt 00:00:32]} Qe5 {[%clk 00:39:11]} 34. Qd8+
{[%clk 00:07:42]} Be8 {[%clk 00:39:11]} 35. Qh4 {[%clk 00:06:09]} Kh7 {[%clk
00:38:39]} {[%emt 00:04:05]} 1-0

[Event "English Schools Championship Final 2024"]
[Site "Nottingham University Kings Meadow Campus, United Kingdom"]
[Date "2024.06.28"]
[Round "4.64"]
[White "Cooper, George"]
[Black "Mathey, Ruben"]
[Result "1-0"]
[TimeControl "G50' + 10\" per move."]
[WhiteFideId "343411304"]
[WhiteElo "1575"]
[BlackElo "1670"]

1. e4 {[%clk 00:50:19]} d5 {[%clk 00:50:19]} {[%emt 00:00:01]} 2. exd5 {[%clk
00:50:13]} {[%emt 00:00:16]} Qxd5 {[%clk 00:50:27]} {[%emt 00:00:02]} 3. Nc3
{[%clk 00:50:15]} {[%emt 00:00:09]} Qa5 {[%clk 00:50:36]} {[%emt 00:00:01]} 4.
d4 {[%clk 00:48:54]} {[%emt 00:01:30]} Nf6 {[%clk 00:50:42]} {[%emt 00:00:04]}
5. Bc4 {[%clk 00:46:03]} {[%emt 00:03:01]} Bf5 {[%clk 00:50:43]} {[%emt
00:00:10]} 6. Nge2 {[%clk 00:44:30]} {[%emt 00:01:42]} e6 {[%clk 00:50:27]}
{[%emt 00:00:26]} 7. O-O {[%clk 00:43:57]} {[%emt 00:00:44]} Nbd7 {[%clk
00:50:11]} {[%emt 00:00:26]} 8. Bd2 {[%clk 00:42:53]} {[%emt 00:01:14]} c6
{[%clk 00:50:17]} {[%emt 00:00:03]} 9. Ng3 {[%clk 00:38:58]} {[%emt 00:04:05]}
Bg4 {[%clk 00:47:43]} {[%emt 00:02:44]} 10. Be2 {[%clk 00:38:55]} {[%emt
00:00:13]} Bxe2 {[%clk 00:47:23]} {[%emt 00:00:30]} 11. Ncxe2 {[%clk 00:37:30]}
{[%emt 00:01:35]} Qb6 {[%clk 00:46:56]} {[%emt 00:00:37]} 12. b3 {[%clk
00:35:52]} {[%emt 00:01:47]} O-O-O {[%clk 00:46:51]} {[%emt 00:00:16]} 13. Be3
{[%clk 00:28:49]} {[%emt 00:07:14]} Ng4 {[%clk 00:45:33]} {[%emt 00:01:28]} 14.
c4 {[%clk 00:27:30]} {[%emt 00:01:28]} Nxe3 {[%clk 00:44:53]} {[%emt 00:00:50]}
15. fxe3 {[%clk 00:27:31]} {[%emt 00:00:09]} f6 {[%clk 00:43:20]} {[%emt
00:01:44]} 16. Qc2 {[%clk 00:26:56]} {[%emt 00:00:44]} c5 {[%clk 00:42:38]}
{[%emt 00:00:52]} 17. Kh1 {[%clk 00:25:56]} {[%emt 00:01:10]} h5 {[%clk
00:40:25]} {[%emt 00:02:23]} 18. Ne4 {[%clk 00:23:58]} {[%emt 00:02:07]} e5
{[%clk 00:39:03]} {[%emt 00:01:33]} 19. d5 {[%clk 00:23:17]} {[%emt 00:00:50]}
g6 {[%clk 00:35:57]} {[%emt 00:03:18]} 20. Qc3 {[%clk 00:18:10]} {[%emt
00:05:16]} Bg7 {[%clk 00:35:41]} {[%emt 00:00:26]} 21. Rf2 {[%clk 00:17:19]}
{[%emt 00:01:01]} Bh6 {[%clk 00:33:22]} {[%emt 00:02:30]} 22. h4 {[%clk
00:16:34]} {[%emt 00:00:55]} Bxe3 {[%clk 00:33:02]} {[%emt 00:00:30]} 23. Qxe3
{[%clk 00:16:13]} {[%emt 00:00:31]} f5 {[%clk 00:32:35]} {[%emt 00:00:37]} 24.
Ng5 {[%clk 00:16:13]} {[%emt 00:00:10]} Rde8 {[%clk 00:31:53]} {[%emt
00:00:52]} 25. Ne6 {[%clk 00:16:04]} {[%emt 00:00:18]} Rxe6 {[%clk 00:31:25]}
{[%emt 00:00:38]} 26. dxe6 {[%clk 00:16:06]} {[%emt 00:00:09]} Qxe6 {[%clk
00:31:31]} {[%emt 00:00:04]} 27. Nc3 {[%clk 00:15:24]} {[%emt 00:00:51]} Qf6
{[%clk 00:31:20]} {[%emt 00:00:21]} 28. Qg5 {[%clk 00:15:14]} {[%emt 00:00:21]}
Qxg5 {[%clk 00:31:01]} {[%emt 00:00:29]} 29. hxg5 {[%clk 00:15:19]} {[%emt
00:00:05]} h4 {[%clk 00:30:57]} {[%emt 00:00:14]} 30. Nd5 {[%clk 00:14:24]}
{[%emt 00:01:04]} Rh7 {[%clk 00:30:22]} {[%emt 00:00:46]} 31. Rd1 {[%clk
00:13:38]} {[%emt 00:00:56]} e4 {[%clk 00:30:02]} {[%emt 00:00:30]} 32. Kg1
{[%clk 00:12:53]} {[%emt 00:00:55]} Rh5 {[%clk 00:29:34]} {[%emt 00:00:38]} 33.
Ne7+ {[%clk 00:12:53]} {[%emt 00:00:10]} Kc7 {[%clk 00:28:47]} {[%emt
00:00:57]} 34. Nxg6 {[%clk 00:12:57]} {[%emt 00:00:06]} Rxg5 {[%clk 00:28:43]}
{[%emt 00:00:14]} 35. Nxh4 {[%clk 00:12:57]} {[%emt 00:00:10]} e3 {[%clk
00:27:17]} {[%emt 00:01:35]} 36. Rxf5 {[%clk 00:12:37]} {[%emt 00:00:30]} Rg7
{[%clk 00:26:37]} {[%emt 00:00:51]} 37. Re1 {[%clk 00:12:30]} {[%emt 00:00:18]}
Re7 {[%clk 00:26:33]} {[%emt 00:00:13]} 38. Rf3 {[%clk 00:12:26]} {[%emt
00:00:13]} e2 {[%clk 00:26:17]} {[%emt 00:00:27]} 39. Rf2 {[%clk 00:12:24]}
{[%emt 00:00:11]} 1-0